[Event "DEM U18 2025"]
[Site "Willingen GER"]
[Date "2025.06.14"]
[Round "9"]
[White "Lübke, Florentin"]
[Black "Fuhrmann, Bahne"]
[Result "0-1"]
[Termination "normal"]
[Board "5"]
[BlackTitle "FM"]
[WhiteElo "2180"]
[BlackElo "2256"]
[WhiteClock "00:01:21"]
[BlackClock "00:08:04"]
[PlyCount "100"]
[WhiteFideId "16281799"]
[BlackFideId "16244842"]
[EventCountry "GER"]
[EventRounds "9"]
[EventType "swiss"]
[EventDate "2025.06.07"]

1. e4 {[%clk 01:30:56]} {[%emt 00:00:03]} e6 {[%clk 01:30:53]} {[%emt
00:00:08]} 2. d4 {[%clk 01:31:06]} {[%emt 00:00:21]} d5 {[%clk 01:31:18]}
{[%emt 00:00:04]} 3. Bd3 {[%clk 01:31:15]} {[%emt 00:00:20]} dxe4 {[%clk
01:31:27]} {[%emt 00:00:22]} 4. Bxe4 {[%clk 01:31:37]} {[%emt 00:00:08]} Nf6
{[%clk 01:31:53]} {[%emt 00:00:05]} 5. Bf3 {[%clk 01:31:56]} {[%emt 00:00:10]}
Be7 {[%clk 01:30:50]} {[%emt 00:01:33]} 6. Ne2 {[%clk 01:31:06]} {[%emt
00:01:20]} O-O {[%clk 01:31:07]} {[%emt 00:00:13]} 7. O-O {[%clk 01:22:43]}
{[%emt 00:08:53]} c5 {[%clk 01:31:31]} {[%emt 00:00:06]} 8. Be3 {[%clk
01:18:48]} {[%emt 00:04:25]} cxd4 {[%clk 01:17:57]} {[%emt 00:14:04]} 9. Qxd4
{[%clk 01:06:09]} {[%emt 00:13:09]} Nc6 {[%clk 01:02:45]} {[%emt 00:15:42]} 10.
Qxd8 {[%clk 01:06:07]} {[%emt 00:00:32]} Rxd8 {[%clk 00:57:43]} {[%emt
00:05:32]} 11. Bxc6 {[%clk 01:02:53]} {[%emt 00:03:44]} bxc6 {[%clk 00:58:09]}
{[%emt 00:00:04]} 12. Nd4 {[%clk 01:02:36]} {[%emt 00:00:47]} Bb7 {[%clk
00:55:07]} {[%emt 00:03:33]} 13. Nb3 {[%clk 01:02:34]} {[%emt 00:00:30]} Ba6
{[%clk 00:54:31]} {[%emt 00:01:07]} 14. Rc1 {[%clk 01:00:18]} {[%emt 00:02:46]}
Nd5 {[%clk 00:54:03]} {[%emt 00:00:58]} 15. Bc5 {[%clk 00:58:01]} {[%emt
00:02:47]} Bf6 {[%clk 00:50:23]} {[%emt 00:04:10]} 16. Ba3 {[%clk 00:48:32]}
{[%emt 00:09:58]} Nf4 {[%clk 00:41:32]} {[%emt 00:09:22]} 17. Re1 {[%clk
00:46:26]} {[%emt 00:02:35]} Ne2+ {[%clk 00:41:19]} {[%emt 00:00:44]} 18. Kh1
{[%clk 00:46:41]} {[%emt 00:00:14]} Bd4 {[%clk 00:40:52]} {[%emt 00:00:58]} 19.
Nc3 {[%clk 00:36:06]} {[%emt 00:11:04]} Bxc3 {[%clk 00:37:16]} {[%emt
00:04:06]} 20. bxc3 {[%clk 00:36:22]} {[%emt 00:00:14]} Nxc3 {[%clk 00:37:03]}
{[%emt 00:00:43]} 21. Bb2 {[%emt 00:05:41]} Na4 {[%clk 00:35:07]} {[%emt
00:02:25]} 22. Bd4 {[%clk 00:30:19]} {[%emt 00:01:24]} Rd5 {[%clk 00:32:36]}
{[%emt 00:03:01]} 23. Re4 {[%clk 00:29:13]} {[%emt 00:01:35]} Nb6 {[%clk
00:28:54]} {[%emt 00:04:12]} 24. Nc5 {[%clk 00:25:58]} {[%emt 00:03:45]} Bc4
{[%clk 00:27:09]} {[%emt 00:02:16]} 25. a4 {[%clk 00:20:00]} {[%emt 00:06:28]}
e5 {[%clk 00:20:38]} {[%emt 00:07:01]} 26. a5 {[%clk 00:13:53]} {[%emt
00:06:37]} exd4 {[%clk 00:12:46]} {[%emt 00:08:21]} 27. axb6 {[%clk 00:12:23]}
{[%emt 00:02:01]} Rxc5 {[%clk 00:12:58]} {[%emt 00:00:18]} 28. Rxa7 {[%clk
00:06:33]} {[%emt 00:06:20]} Rf8 {[%clk 00:11:49]} {[%emt 00:01:39]} 29. b7
{[%clk 00:05:58]} {[%emt 00:01:06]} Rb5 {[%clk 00:11:23]} {[%emt 00:00:55]} 30.
h3 {[%clk 00:05:45]} {[%emt 00:00:43]} Be6 {[%clk 00:10:20]} {[%emt 00:01:33]}
31. Rxd4 {[%clk 00:05:51]} {[%emt 00:00:23]} g6 {[%clk 00:10:34]} {[%emt
00:00:16]} 32. c3 {[%clk 00:03:28]} {[%emt 00:02:54]} Rb8 {[%clk 00:08:06]}
{[%emt 00:02:58]} 33. Rb4 {[%clk 00:02:51]} {[%emt 00:01:07]} Rxb4 {[%clk
00:08:31]} {[%emt 00:00:05]} 34. cxb4 {[%clk 00:03:14]} {[%emt 00:00:07]} Kg7
{[%clk 00:08:58]} {[%emt 00:00:03]} 35. Kh2 {[%clk 00:02:33]} {[%emt 00:01:10]}
Kf6 {[%clk 00:09:08]} {[%emt 00:00:20]} 36. Kg3 {[%clk 00:02:55]} {[%emt
00:00:09]} Ke5 {[%clk 00:09:16]} {[%emt 00:00:21]} 37. Ra6 {[%clk 00:01:40]}
{[%emt 00:01:46]} Bd5 {[%clk 00:08:30]} {[%emt 00:01:15]} 38. f4+ {[%clk
00:01:25]} {[%emt 00:00:46]} Kd6 {[%clk 00:08:08]} {[%emt 00:00:51]} 39. b5
{[%clk 00:01:31]} {[%emt 00:00:25]} Rxb7 {[%clk 00:08:28]} {[%emt 00:00:09]}
40. bxc6 {[%clk 00:01:54]} {[%emt 00:00:07]} Rb2 {[%clk 00:08:41]} {[%emt
00:00:17]} 41. f5 {[%clk 00:01:49]} {[%emt 00:00:36]} Rxg2+ {[%clk 00:08:42]}
{[%emt 00:00:29]} 42. Kh4 {[%clk 00:01:56]} {[%emt 00:00:23]} Bxc6 {[%clk
00:07:51]} {[%emt 00:01:21]} 43. f6 {[%clk 00:01:38]} {[%emt 00:00:47]} Rf2
{[%clk 00:07:54]} {[%emt 00:00:28]} 44. Kg5 {[%clk 00:00:47]} {[%emt 00:01:21]}
h5 {[%clk 00:07:30]} {[%emt 00:00:54]} 45. Ra5 {[%clk 00:00:36]} {[%emt
00:00:40]} Bd5 {[%clk 00:07:32]} {[%emt 00:00:28]} 46. Ra6+ {[%clk 00:00:35]}
{[%emt 00:00:31]} Ke5 {[%clk 00:07:54]} {[%emt 00:00:08]} 47. Ra5 {[%clk
00:00:44]} {[%emt 00:00:22]} Rf5 {[%clk 00:08:11]} {[%emt 00:00:13]} 48. Kh4
{[%clk 00:01:06]} {[%emt 00:00:08]} Rxf6 {[%clk 00:08:23]} {[%emt 00:00:17]}
49. Ra4 {[%clk 00:01:20]} {[%emt 00:00:16]} Rc6 {[%clk 00:08:04]} {[%emt
00:00:49]} 50. Rf4 {[%clk 00:01:21]} {[%emt 00:00:30]} Rc4 {[%emt 00:00:18]}
0-1

[Event "DEM U18 2025"]
[Site "Willingen GER"]
[Date "2025.06.14"]
[Round "9"]
[White "Reichmann, Felix"]
[Black "Guo, Philipp Ziming"]
[Result "1/2-1/2"]
[Termination "normal"]
[Board "6"]
[WhiteTitle "CM"]
[WhiteElo "2138"]
[BlackElo "2219"]
[WhiteClock "00:26:31"]
[BlackClock "00:40:34"]
[PlyCount "52"]
[WhiteFideId "16238290"]
[BlackFideId "16245199"]
[EventCountry "GER"]
[EventRounds "9"]
[EventType "swiss"]
[EventDate "2025.06.07"]

1. c4 {[%clk 01:30:52]} {[%emt 00:00:08]} Nf6 {[%clk 01:30:53]} {[%emt
00:00:07]} 2. Nf3 {[%clk 01:31:18]} {[%emt 00:00:05]} e6 {[%clk 01:31:18]}
{[%emt 00:00:05]} 3. g3 {[%clk 01:31:42]} {[%emt 00:00:05]} d5 {[%clk
01:31:42]} {[%emt 00:00:06]} 4. d4 {[%clk 01:32:09]} {[%emt 00:00:03]} Nc6
{[%clk 01:31:45]} {[%emt 00:00:26]} 5. Bg2 {[%clk 01:31:40]} {[%emt 00:00:59]}
Bd6 {[%clk 01:32:07]} {[%emt 00:00:08]} 6. O-O {[%clk 01:30:36]} {[%emt
00:01:35]} O-O {[%clk 01:32:30]} {[%emt 00:00:06]} 7. Nbd2 {[%clk 01:19:14]}
{[%emt 00:11:53]} a5 {[%clk 01:32:26]} {[%emt 00:00:34]} 8. Qc2 {[%clk
01:14:24]} {[%emt 00:05:21]} Nb4 {[%clk 01:32:10]} {[%emt 00:00:45]} 9. Qb1
{[%clk 01:13:07]} {[%emt 00:01:48]} b6 {[%clk 01:29:29]} {[%emt 00:03:10]} 10.
a3 {[%clk 01:11:45]} {[%emt 00:01:53]} Nc6 {[%clk 01:29:49]} {[%emt 00:00:10]}
11. e4 {[%clk 01:10:40]} {[%emt 00:01:34]} Be7 {[%clk 01:26:03]} {[%emt
00:04:16]} 12. e5 {[%clk 01:06:41]} {[%emt 00:04:29]} Nd7 {[%clk 01:26:11]}
{[%emt 00:00:21]} 13. Re1 {[%clk 01:03:08]} {[%emt 00:04:03]} dxc4 {[%clk
01:14:02]} {[%emt 00:12:40]} 14. Nxc4 {[%clk 01:01:48]} {[%emt 00:01:50]} Bb7
{[%clk 01:09:06]} {[%emt 00:05:25]} 15. a4 {[%clk 00:51:39]} {[%emt 00:10:40]}
Rb8 {[%clk 00:59:58]} {[%emt 00:09:38]} 16. Bd2 {[%clk 00:45:46]} {[%emt
00:06:23]} Nb4 {[%clk 00:57:36]} {[%emt 00:02:51]} 17. Bxb4 {[%clk 00:42:50]}
{[%emt 00:03:26]} Bxb4 {[%clk 00:57:49]} {[%emt 00:00:17]} 18. Rd1 {[%clk
00:43:10]} {[%emt 00:00:11]} Qe7 {[%clk 00:55:05]} {[%emt 00:03:12]} 19. Ne3
{[%clk 00:39:28]} {[%emt 00:04:13]} Rfd8 {[%clk 00:49:54]} {[%emt 00:05:42]}
20. Nh4 {[%clk 00:34:17]} {[%emt 00:05:41]} Bxg2 {[%clk 00:46:58]} {[%emt
00:03:26]} 21. Nhxg2 {[%clk 00:33:27]} {[%emt 00:01:20]} c5 {[%clk 00:45:58]}
{[%emt 00:01:29]} 22. Nc4 {[%clk 00:31:28]} {[%emt 00:02:30]} Nf8 {[%clk
00:42:35]} {[%emt 00:03:52]} 23. Qe4 {[%clk 00:29:49]} {[%emt 00:02:10]} cxd4
{[%clk 00:42:36]} {[%emt 00:00:29]} 24. Rxd4 {[%clk 00:30:13]} {[%emt
00:00:06]} Rxd4 {[%clk 00:42:49]} {[%emt 00:00:18]} 25. Qxd4 {[%clk 00:30:41]}
{[%emt 00:00:01]} Bc5 {[%clk 00:41:22]} {[%emt 00:01:54]} 26. Qg4 {[%clk
00:26:31]} {[%emt 00:04:42]} Rd8 {[%clk 00:40:34]} {[%emt 00:01:19]} 1/2-1/2

[Event "DEM U18 2025"]
[Site "Willingen GER"]
[Date "2025.06.14"]
[Round "9"]
[White "Müller, Maximilian"]
[Black "Strehse, Nelson"]
[Result "1/2-1/2"]
[Termination "normal"]
[Board "7"]
[WhiteElo "2018"]
[BlackElo "2168"]
[WhiteClock "00:33:54"]
[BlackClock "00:27:13"]
[PlyCount "170"]
[WhiteFideId "16243552"]
[BlackFideId "16228898"]
[EventCountry "GER"]
[EventRounds "9"]
[EventType "swiss"]
[EventDate "2025.06.07"]

1. e4 {[%clk 01:30:58]} c5 {[%clk 01:30:52]} {[%emt 00:00:07]} 2. Nf3 {[%clk
01:31:25]} {[%emt 00:00:04]} Nc6 {[%clk 01:31:18]} {[%emt 00:00:06]} 3. Bb5
{[%clk 01:31:43]} {[%emt 00:00:11]} h6 {[%clk 01:31:41]} {[%emt 00:00:08]} 4.
b3 {[%clk 01:28:08]} {[%emt 00:04:04]} e5 {[%clk 01:31:27]} {[%emt 00:00:44]}
5. Bb2 {[%clk 01:26:36]} {[%emt 00:02:02]} d6 {[%clk 01:30:33]} {[%emt
00:01:25]} 6. c3 {[%clk 01:25:01]} {[%emt 00:02:04]} Nf6 {[%clk 01:23:23]}
{[%emt 00:07:39]} 7. Qe2 {[%clk 01:25:25]} {[%emt 00:00:07]} Bd7 {[%clk
01:10:31]} {[%emt 00:13:21]} 8. O-O {[%clk 01:25:01]} {[%emt 00:00:54]} a6
{[%clk 01:10:38]} {[%emt 00:00:23]} 9. Bd3 {[%clk 01:24:12]} {[%emt 00:01:19]}
g5 {[%clk 01:02:43]} {[%emt 00:08:24]} 10. Bc2 {[%clk 01:20:47]} {[%emt
00:03:56]} Bg7 {[%clk 00:53:09]} {[%emt 00:10:05]} 11. Rd1 {[%clk 01:18:34]}
{[%emt 00:02:43]} Nh5 {[%clk 00:52:44]} {[%emt 00:00:52]} 12. a4 {[%clk
01:13:28]} {[%emt 00:05:39]} Bg4 {[%clk 00:44:10]} {[%emt 00:09:03]} 13. Qe3
{[%clk 01:09:14]} {[%emt 00:04:45]} Nf4 {[%clk 00:40:10]} {[%emt 00:04:29]} 14.
Re1 {[%clk 00:58:45]} {[%emt 00:11:00]} Qf6 {[%clk 00:37:03]} {[%emt 00:03:36]}
15. d3 {[%clk 00:56:29]} {[%emt 00:02:46]} Nd4 {[%clk 00:35:38]} {[%emt
00:01:55]} 16. cxd4 {[%clk 00:55:45]} {[%emt 00:01:15]} cxd4 {[%clk 00:35:39]}
{[%emt 00:00:30]} 17. Nxd4 {[%clk 00:49:27]} {[%emt 00:06:47]} exd4 {[%clk
00:35:12]} {[%emt 00:00:56]} 18. e5 {[%clk 00:49:48]} {[%emt 00:00:10]} dxe5
{[%clk 00:33:24]} {[%emt 00:02:17]} 19. Qe4 {[%clk 00:41:51]} {[%emt 00:08:27]}
O-O {[%clk 00:32:54]} {[%emt 00:01:00]} 20. Nd2 {[%clk 00:41:38]} {[%emt
00:00:44]} Rac8 {[%clk 00:31:12]} {[%emt 00:02:11]} 21. Rac1 {[%clk 00:41:38]}
{[%emt 00:00:31]} b5 {[%clk 00:28:29]} {[%emt 00:03:13]} 22. axb5 {[%clk
00:41:04]} {[%emt 00:01:03]} axb5 {[%clk 00:28:54]} {[%emt 00:00:06]} 23. Nf3
{[%clk 00:40:25]} {[%emt 00:01:09]} Rfe8 {[%clk 00:28:38]} {[%emt 00:00:44]}
24. Bb1 {[%clk 00:34:54]} {[%emt 00:06:03]} Rxc1 {[%clk 00:25:43]} {[%emt
00:03:25]} 25. Bxc1 {[%clk 00:35:17]} {[%emt 00:00:07]} Bf5 {[%clk 00:25:44]}
{[%emt 00:00:28]} 26. Qb7 {[%clk 00:35:38]} {[%emt 00:00:09]} Qd6 {[%clk
00:13:10]} {[%emt 00:13:03]} 27. Bxf4 {[%clk 00:28:56]} {[%emt 00:07:14]} Rb8
{[%clk 00:12:31]} {[%emt 00:01:08]} 28. Bxe5 {[%clk 00:27:34]} {[%emt
00:01:52]} Bxe5 {[%clk 00:12:49]} {[%emt 00:00:11]} 29. Qa7 {[%clk 00:27:08]}
{[%emt 00:00:58]} Bg7 {[%clk 00:11:26]} {[%emt 00:01:51]} 30. b4 {[%clk
00:21:39]} {[%emt 00:06:02]} Rc8 {[%clk 00:08:40]} {[%emt 00:03:15]} 31. Ba2
{[%clk 00:20:32]} {[%emt 00:01:38]} Qc7 {[%clk 00:08:52]} {[%emt 00:00:16]} 32.
Qa3 {[%clk 00:14:40]} {[%emt 00:06:24]} Qc3 {[%clk 00:07:04]} {[%emt 00:02:16]}
33. Qa7 {[%clk 00:14:56]} {[%emt 00:00:15]} Qc7 {[%clk 00:07:18]} {[%emt
00:00:16]} 34. Qa3 {[%clk 00:15:21]} {[%emt 00:00:06]} Bg6 {[%clk 00:07:37]}
{[%emt 00:00:11]} 35. h3 {[%clk 00:10:31]} {[%emt 00:05:20]} Bh5 {[%clk
00:06:43]} {[%emt 00:01:20]} 36. Qa6 {[%clk 00:07:23]} {[%emt 00:03:41]} Qc6
{[%clk 00:05:10]} {[%emt 00:01:58]} 37. Qxc6 {[%clk 00:03:15]} {[%emt
00:04:43]} Rxc6 38. Ne5 {[%clk 00:02:45]} {[%emt 00:01:00]} Rc2 {[%clk
00:02:50]} {[%emt 00:03:19]} 39. Bd5 {[%clk 00:03:03]} {[%emt 00:00:12]} Re2
{[%clk 00:00:31]} {[%emt 00:02:49]} 40. Rxe2 Bxe2 {[%clk 00:00:59]} 41. Bf3
{[%clk 00:29:00]} {[%emt 00:03:17]} Bxf3 {[%clk 00:27:55]} {[%emt 00:03:34]}
42. Nxf3 {[%clk 00:27:05]} {[%emt 00:02:26]} f5 {[%clk 00:27:11]} {[%emt
00:01:14]} 43. Ne1 {[%clk 00:27:30]} {[%emt 00:00:04]} Kf7 {[%clk 00:27:11]}
{[%emt 00:00:29]} 44. Nc2 {[%clk 00:27:56]} {[%emt 00:00:06]} Ke6 {[%clk
00:26:42]} {[%emt 00:00:58]} 45. Na3 {[%clk 00:28:23]} {[%emt 00:00:03]} Bf8
{[%clk 00:25:12]} {[%emt 00:02:00]} 46. Nxb5 {[%clk 00:28:48]} {[%emt
00:00:06]} Kd5 {[%clk 00:24:37]} {[%emt 00:01:00]} 47. Nc7+ {[%clk 00:28:12]}
{[%emt 00:01:10]} Kd6 {[%clk 00:24:17]} {[%emt 00:00:47]} 48. Nb5+ {[%clk
00:22:28]} {[%emt 00:06:18]} Kd5 {[%clk 00:24:30]} {[%emt 00:00:16]} 49. Nc7+
{[%clk 00:22:16]} {[%emt 00:00:43]} Kd6 {[%clk 00:23:40]} {[%emt 00:01:19]} 50.
Nb5+ {[%clk 00:22:18]} {[%emt 00:00:29]} Ke5 {[%clk 00:23:46]} {[%emt
00:00:23]} 51. g3 {[%clk 00:21:37]} {[%emt 00:01:10]} Bxb4 {[%clk 00:23:47]}
{[%emt 00:00:30]} 52. Kg2 {[%clk 00:21:50]} {[%emt 00:00:17]} h5 {[%clk
00:21:05]} {[%emt 00:03:12]} 53. f4+ {[%clk 00:21:26]} {[%emt 00:00:54]} gxf4
{[%clk 00:18:58]} {[%emt 00:02:37]} 54. gxf4+ {[%clk 00:21:52]} {[%emt
00:00:04]} Kxf4 {[%clk 00:17:49]} {[%emt 00:01:39]} 55. Nxd4 {[%clk 00:22:18]}
{[%emt 00:00:03]} h4 {[%clk 00:17:01]} {[%emt 00:01:18]} 56. Nxf5 {[%clk
00:22:23]} {[%emt 00:00:26]} Kxf5 {[%clk 00:17:21]} {[%emt 00:00:11]} 57. d4
{[%clk 00:22:49]} {[%emt 00:00:03]} Kf4 {[%clk 00:17:39]} {[%emt 00:00:12]} 58.
d5 {[%clk 00:23:14]} {[%emt 00:00:05]} Bd6 {[%clk 00:17:58]} {[%emt 00:00:11]}
59. Kf2 {[%clk 00:23:39]} {[%emt 00:00:05]} Ke4 {[%clk 00:18:22]} {[%emt
00:00:06]} 60. Kg2 {[%clk 00:23:41]} {[%emt 00:00:28]} Ke3 {[%clk 00:18:43]}
{[%emt 00:00:09]} 61. Kg1 {[%clk 00:23:51]} {[%emt 00:00:21]} Kf3 {[%clk
00:19:05]} {[%emt 00:00:07]} 62. Kh1 {[%clk 00:24:18]} {[%emt 00:00:04]} Ke3
{[%clk 00:19:03]} {[%emt 00:00:31]} 63. Kg2 {[%clk 00:24:32]} {[%emt 00:00:15]}
Ke2 {[%clk 00:19:28]} {[%emt 00:00:06]} 64. Kg1 {[%clk 00:24:53]} {[%emt
00:00:09]} Bc5+ {[%clk 00:19:50]} {[%emt 00:00:08]} 65. Kg2 {[%clk 00:25:19]}
{[%emt 00:00:05]} Ke1 {[%clk 00:20:06]} {[%emt 00:00:13]} 66. d6 {[%clk
00:25:40]} {[%emt 00:00:08]} Bxd6 {[%clk 00:20:30]} {[%emt 00:00:06]} 67. Kh1
{[%clk 00:26:07]} {[%emt 00:00:04]} Bc5 {[%clk 00:20:48]} {[%emt 00:00:12]} 68.
Kg2 {[%clk 00:26:32]} {[%emt 00:00:05]} Ke2 {[%clk 00:21:14]} {[%emt 00:00:05]}
69. Kh1 {[%clk 00:26:56]} {[%emt 00:00:06]} Kf1 {[%clk 00:21:39]} {[%emt
00:00:05]} 70. Kh2 {[%clk 00:27:22]} {[%emt 00:00:03]} Bg1+ {[%clk 00:22:02]}
{[%emt 00:00:07]} 71. Kh1 {[%clk 00:27:48]} {[%emt 00:00:04]} Ba7 {[%clk
00:22:24]} {[%emt 00:00:08]} 72. Kh2 {[%clk 00:28:13]} {[%emt 00:00:04]} Kf2
{[%clk 00:22:50]} {[%emt 00:00:04]} 73. Kh1 {[%clk 00:28:39]} {[%emt 00:00:05]}
Kf3 {[%clk 00:23:14]} {[%emt 00:00:05]} 74. Kh2 {[%clk 00:29:05]} {[%emt
00:00:05]} Bb8+ {[%clk 00:23:40]} {[%emt 00:00:04]} 75. Kh1 {[%clk 00:29:30]}
{[%emt 00:00:06]} Kg3 {[%clk 00:24:06]} {[%emt 00:00:04]} 76. Kg1 {[%clk
00:29:57]} {[%emt 00:00:02]} Kxh3 {[%clk 00:24:29]} {[%emt 00:00:06]} 77. Kh1
{[%clk 00:30:24]} {[%emt 00:00:04]} Bg3 {[%clk 00:24:47]} {[%emt 00:00:11]} 78.
Kg1 {[%clk 00:30:51]} {[%emt 00:00:04]} Kg4 {[%clk 00:25:09]} {[%emt 00:00:09]}
79. Kg2 {[%clk 00:31:16]} {[%emt 00:00:04]} h3+ {[%clk 00:25:33]} {[%emt
00:00:05]} 80. Kh1 {[%clk 00:31:44]} {[%emt 00:00:03]} Kf3 {[%clk 00:25:50]}
{[%emt 00:00:13]} 81. Kg1 {[%clk 00:32:10]} {[%emt 00:00:05]} Bf2+ {[%clk
00:26:13]} {[%emt 00:00:06]} 82. Kh2 {[%clk 00:32:35]} {[%emt 00:00:05]} Kg4
{[%clk 00:26:37]} {[%emt 00:00:06]} 83. Kh1 {[%clk 00:33:02]} {[%emt 00:00:04]}
Bg1 {[%clk 00:26:56]} {[%emt 00:00:12]} 84. Kxg1 {[%clk 00:33:27]} {[%emt
00:00:04]} Kg3 {[%clk 00:27:13]} {[%emt 00:00:13]} 85. Kh1 {[%clk 00:33:54]}
{[%emt 00:00:03]} h2 {[%emt 00:00:06]} 1/2-1/2

[Event "DEM U18 2025"]
[Site "Willingen GER"]
[Date "2025.06.14"]
[Round "9"]
[White "Beyer, Lorenz"]
[Black "Stichter, Constantin Paul"]
[Result "1/2-1/2"]
[Termination "normal"]
[Board "8"]
[BlackTitle "CM"]
[WhiteElo "2226"]
[BlackElo "2216"]
[WhiteClock "00:13:10"]
[BlackClock "00:13:01"]
[PlyCount "88"]
[WhiteFideId "16245393"]
[BlackFideId "34603140"]
[EventCountry "GER"]
[EventRounds "9"]
[EventType "swiss"]
[EventDate "2025.06.07"]

1. e4 {[%clk 01:30:57]} {[%emt 00:00:03]} e6 {[%clk 01:30:59]} {[%emt
00:00:02]} 2. d4 {[%clk 01:31:22]} {[%emt 00:00:04]} d5 {[%clk 01:31:26]}
{[%emt 00:00:03]} 3. Nc3 {[%clk 01:31:47]} {[%emt 00:00:05]} Nf6 {[%clk
01:31:52]} {[%emt 00:00:04]} 4. Bg5 {[%clk 01:32:14]} {[%emt 00:00:02]} Be7
{[%clk 01:32:15]} {[%emt 00:00:08]} 5. e5 {[%clk 01:32:41]} {[%emt 00:00:04]}
Nfd7 {[%clk 01:32:41]} {[%emt 00:00:03]} 6. Bxe7 {[%clk 01:33:07]} {[%emt
00:00:03]} Qxe7 {[%clk 01:33:01]} {[%emt 00:00:11]} 7. f4 {[%clk 01:33:35]}
{[%emt 00:00:03]} a6 {[%clk 01:33:24]} {[%emt 00:00:06]} 8. Qg4 {[%clk
01:34:01]} {[%emt 00:00:05]} f5 {[%clk 01:32:52]} {[%emt 00:01:01]} 9. Qh3
{[%clk 01:34:29]} {[%emt 00:00:02]} c5 {[%clk 01:33:07]} {[%emt 00:00:15]} 10.
Nf3 {[%clk 01:34:54]} {[%emt 00:00:04]} Nc6 {[%clk 01:27:00]} {[%emt 00:06:36]}
11. O-O-O {[%clk 01:33:43]} {[%emt 00:01:42]} cxd4 12. Nxd4 {[%clk 01:34:12]}
Nxd4 {[%clk 01:24:48]} {[%emt 00:00:48]} 13. Rxd4 {[%clk 01:34:34]} {[%emt
00:00:08]} Nb8 {[%clk 01:02:24]} {[%emt 00:22:54]} 14. g4 {[%clk 01:25:03]}
{[%emt 00:10:00]} Nc6 {[%clk 01:01:52]} {[%emt 00:01:02]} 15. Rd2 {[%clk
01:15:55]} {[%emt 00:09:39]} fxg4 {[%clk 00:51:24]} {[%emt 00:10:58]} 16. Qxg4
{[%clk 01:14:59]} {[%emt 00:01:26]} Bd7 {[%clk 00:50:56]} {[%emt 00:00:58]} 17.
h4 {[%clk 01:03:45]} {[%emt 00:11:44]} O-O-O {[%clk 00:50:21]} {[%emt
00:01:04]} 18. Bh3 {[%clk 00:59:24]} {[%emt 00:04:52]} Kb8 {[%clk 00:50:16]}
{[%emt 00:00:35]} 19. Rhd1 {[%clk 00:54:40]} {[%emt 00:05:14]} Bc8 {[%clk
00:50:11]} {[%emt 00:00:35]} 20. a3 {[%clk 00:52:49]} {[%emt 00:02:21]} Rhf8
{[%clk 00:43:36]} {[%emt 00:07:04]} 21. Qg3 {[%clk 00:51:19]} {[%emt 00:02:02]}
Qc7 {[%clk 00:39:33]} {[%emt 00:04:32]} 22. Ne2 {[%clk 00:40:59]} {[%emt
00:10:50]} Rf7 {[%clk 00:23:03]} {[%emt 00:17:00]} 23. Nd4 {[%clk 00:36:16]}
{[%emt 00:05:14]} Nxd4 {[%clk 00:23:21]} {[%emt 00:00:12]} 24. Rxd4 {[%clk
00:36:44]} {[%emt 00:00:01]} Qc5 {[%clk 00:17:13]} {[%emt 00:06:38]} 25. Kb1
{[%clk 00:26:57]} {[%emt 00:10:18]} Rdf8 {[%clk 00:08:11]} {[%emt 00:09:32]}
26. c3 {[%clk 00:21:49]} {[%emt 00:05:39]} Rc7 {[%clk 00:06:44]} {[%emt
00:01:57]} 27. Bf1 {[%clk 00:19:59]} {[%emt 00:02:20]} Bd7 {[%clk 00:05:01]}
{[%emt 00:02:12]} 28. Bd3 {[%clk 00:15:57]} {[%emt 00:04:32]} h6 {[%clk
00:04:06]} {[%emt 00:01:24]} 29. Bc2 {[%clk 00:11:27]} {[%emt 00:05:02]} Bc6
{[%clk 00:04:11]} {[%emt 00:00:25]} 30. Qh3 {[%clk 00:08:54]} {[%emt 00:03:02]}
Qe7 {[%clk 00:04:16]} {[%emt 00:00:25]} 31. Rg1 {[%clk 00:08:54]} {[%emt
00:00:29]} Be8 {[%clk 00:04:11]} {[%emt 00:00:35]} 32. Rg2 {[%clk 00:06:28]}
{[%emt 00:02:57]} Ka8 {[%clk 00:03:45]} {[%emt 00:00:56]} 33. Rgd2 {[%clk
00:05:20]} {[%emt 00:01:38]} Bb5 {[%clk 00:03:57]} {[%emt 00:00:17]} 34. Bb3
{[%clk 00:02:36]} {[%emt 00:03:15]} Qf7 {[%clk 00:02:42]} {[%emt 00:01:45]} 35.
Ka1 {[%clk 00:01:11]} {[%emt 00:01:55]} Qe7 {[%clk 00:02:42]} {[%emt 00:00:31]}
36. Rf2 {[%clk 00:00:43]} {[%emt 00:00:58]} Bd7 {[%clk 00:01:21]} {[%emt
00:01:51]} 37. Qg3 {[%clk 00:00:42]} {[%emt 00:00:31]} Rfc8 {[%clk 00:01:02]}
{[%emt 00:00:49]} 38. Ka2 {[%clk 00:00:52]} {[%emt 00:00:21]} Rf8 {[%clk
00:01:02]} {[%emt 00:00:28]} 39. Rg2 {[%clk 00:00:35]} {[%emt 00:00:47]} Bb5
{[%clk 00:01:06]} {[%emt 00:00:26]} 40. Qg4 {[%clk 00:00:39]} {[%emt 00:00:27]}
Qf7 {[%clk 00:00:43]} {[%emt 00:00:53]} 41. Qg3 {[%clk 00:28:08]} {[%emt
00:03:00]} Qe7 {[%clk 00:28:42]} {[%emt 00:02:31]} 42. Rgd2 {[%clk 00:22:27]}
{[%emt 00:06:11]} Qf7 {[%clk 00:27:30]} {[%emt 00:01:42]} 43. Rf2 {[%clk
00:19:01]} {[%emt 00:03:56]} Qe7 {[%clk 00:19:45]} {[%emt 00:08:15]} 44. Ka1
{[%clk 00:13:10]} {[%emt 00:06:22]} Rc5 {[%clk 00:13:01]} {[%emt 00:07:13]}
1/2-1/2